Pinciples and Practice of Infectious Diseases. (Record no. 4813)

MARC details
000 -LEADER
fixed length control field 00572nam a22002057a 4500
003 - CONTROL NUMBER IDENTIFIER
control field OSt
005 - DATE AND TIME OF LATEST TRANSACTION
control field 20160720173159.0
008 - FIXED-LENGTH DATA ELEMENTS--GENERAL INFORMATION
fixed length control field 160720b xxu||||| |||| 00| 0 eng d
020 ## - INTERNATIONAL STANDARD BOOK NUMBER
International Standard Book Number 0443066434.
040 ## - CATALOGING SOURCE
Transcribing agency DNLM.
082 ## - DEWEY DECIMAL CLASSIFICATION NUMBER
Classification number WC100M52m 2005.
100 ## - MAIN ENTRY--PERSONAL NAME
Personal name Mandell,L.Gerald;[et..al]
9 (RLIN) 10334
245 ## - TITLE STATEMENT
Title Pinciples and Practice of Infectious Diseases.
250 ## - EDITION STATEMENT
Edition statement 6th ed
260 ## - PUBLICATION, DISTRIBUTION, ETC. (IMPRINT)
Place of publication, distribution, etc. Philadelphia,
Name of publisher, distributor, etc. Elsevier Churchill;
Date of publication, distribution, etc. 2005
300 ## - PHYSICAL DESCRIPTION
Extent 1729,3661p;
Other physical details col,ill;
Dimensions 27cm.
504 ## - BIBLIOGRAPHY, ETC. NOTE
Bibliography, etc includes index.
650 ## - SUBJECT ADDED ENTRY--TOPICAL TERM
Topical term or geographic name as entry element Infectious Diseases.
9 (RLIN) 2563
942 ## - ADDED ENTRY ELEMENTS (KOHA)
Source of classification or shelving scheme Other/Generic Classification Scheme
Koha item type Open Shelf
Holdings
Withdrawn status Lost status Source of classification or shelving scheme Damaged status Not for loan Home library Current library Date acquired Source of acquisition Inventory number Total Checkouts Full call number Barcode Date last seen Price effective from Koha item type
    Other/Generic Classification Scheme     MUST Main Library MUST Main Library 20/07/2016 Purchase 06/26739   WC100M52m 2005. 2016-3335 20/07/2016 20/07/2016 Open Shelf
    Other/Generic Classification Scheme     MUST Main Library MUST Main Library 20/07/2016 Purchase 06/26740   WC100M52m 2005. 2016-3336 20/07/2016 20/07/2016 Open Shelf